000 00588nam a22002297a 4500
003 UA-OsUOA
001 34713
007 ta
008 20051019b un ||||| |||| 00| 0 ukr d
100 _aШтеменко С.М.
090 _a82.94
_bШ89
942 _cBK
040 _aUA-OsUOA
_brus
_cUA-OsUOA
_dUA-OsUOA
245 _aГенеральный штаб в годы войны
300 _a510 с.
955 _a1
041 _arus
080 _a82.94
260 _aМ.
_c1974
650 7 _a82 Література. Літературознавство
_2UDC
999 _c321140
_d321140